A bácskai bunyevácok
Elmentve itt :
| Szerző: | |
|---|---|
| További közreműködők: | |
| Dokumentumtípus: | Szakdolgozat |
| Megjelent: |
2002
|
| Tárgyszavak: | |
| Online Access: | http://diploma.bibl.u-szeged.hu/142875 |
| LEADER | 00592nta a2200181 i 4500 | ||
|---|---|---|---|
| 001 | dipl142875 | ||
| 005 | 20250120113133.0 | ||
| 008 | 241030s2002 hu om 000 hun d | ||
| 040 | |a SZTE Diploma Repozitórium |b hun | ||
| 041 | |a hun | ||
| 100 | 1 | |a Kling József | |
| 245 | 1 | 2 | |a A bácskai bunyevácok |h [elektronikus dokumentum] / |c József Kling |
| 260 | |c 2002 | ||
| 650 | 4 | |a Bölcsészettudományok | |
| 650 | 4 | |a Humanities | |
| 650 | 4 | |a History and archaeology | |
| 700 | 0 | 1 | |a Marjanucz László |e ths |
| 856 | 4 | 0 | |u https://diploma.bibl.u-szeged.hu/id/eprint/142875/1/2002_kling_jozsef.pdf |z Dokumentum-elérés |